000
00353nam a2200157Ia 4500
008
221030s9999 xx 000 0 und d
020
_a
8176563099
041
_a
English
082
_a
105.23
100
_a
Sybex
245
0
_a
Internet Complete
_c
by Sybex
260
_b
BPB Pub
_a
New Delhi
_c
2000
300
_a
1005
650
_a
BE Computer
942
_c
BK
999
_c
357
_d
357